LIBRARY & INFORMATION CENTRE, KCAET, TAVANUR

ONLINE PUBLIC ACCESS CATALOGUE (OPAC)

Food Processing Technology in Agro-Based Sector (Record no. 14488)

MARC details
000 -LEADER
fixed length control field 00297nam a22001217a 4500
020 ## - INTERNATIONAL STANDARD BOOK NUMBER
ISBN 9788176223034
082 ## - DEWEY DECIMAL CLASSIFICATION NUMBER
Classification number 664
Item number SAS/FO
100 ## - MAIN ENTRY--AUTHOR NAME
Personal name Sasikumar,R.
245 ## - TITLE STATEMENT
Title Food Processing Technology in Agro-Based Sector
260 ## - PUBLICATION, DISTRIBUTION, ETC. (IMPRINT)
Place of publication New Delhi
Name of publisher Biotech Books
Year of publication 2014
300 ## - PHYSICAL DESCRIPTION
Number of Pages 312
942 ## - ADDED ENTRY ELEMENTS (KOHA)
Koha item type Books
Holdings
Withdrawn status Lost status Damaged status Collection code Home library Current library Shelving location Date acquired Source of acquisition Cost, normal purchase price Full call number Accession Number Koha item type
        KAUAET KAUAET General Stacks 08/07/2016 Arunima Book Distributors,TVPM 1650.00 664.02 SAS/FO 24818 Books
free website counter